[Event "GER-ch U25 op-B"]
[Site "Willingen"]
[Date "2024.05.23"]
[Round "7"]
[White "Wellssow, Lio Keanu"]
[Black "Menne, Lukas"]
[Result "1/2-1/2"]
[WhiteElo "1486"]
[BlackElo "1636"]
[PlyCount "103"]
[EventDate "2024.05.19"]
[EventType "swiss"]
[EventRounds "9"]
[EventCountry "GER"]
[SourceTitle "EXT 2025"]
[Source "ChessBase"]
[SourceDate "2024.10.14"]
[SourceVersion "1"]
[SourceVersionDate "2024.10.14"]
[SourceQuality "1"]

1. d4 d5 2. c4 e6 3. Nc3 c6 4. Bf4 Bd6 5. Bxd6 Qxd6 6. c5 Qe7 7. Nf3 Nf6 8. e3 0-0 9. Bd3 Nbd7 10. 0-0 e5 11. dxe5 Nxe5 12. b4 Nxd3 13. Qxd3 Be6 14. Nd4 Nd7 15. Nf5 Bxf5 16. Qxf5 g6 17. Qf4 Qe5 18. Qxe5 Nxe5 19. Rad1 f5 20. f3 Rad8 21. Rd4 Rd7 22. Rfd1 Rfd8 23. e4 fxe4 24. fxe4 dxe4 25. Rxd7 Rxd7 26. Rxd7 Nxd7 27. Nxe4 b6 28. b5 bxc5 29. bxc6 Nb6 30. Nxc5 Kf7 31. Kf2 Ke7 32. Ne4 Nd5 33. Kf3 h6 34. g3 Nb4 35. Nf6 Nxc6 36. Ng8+ Ke6 37. Nxh6 a5 38. Ke4 a4 39. a3 Nb4 40. Kd4 Nc2+ 41. Kc3 Nxa3 42. Ng4 Kf5 43. Nf2 Nb5+ 44. Kb4 a3 45. Kb3 Ke5 46. h3 Nd4+ 47. Kxa3 Ne2 48. Kb3 Nxg3 49. Kc4 Kf5 50. Kd3 Nh5 51. Ke3 Nf6 52. Kf3 1/2-1/2

[Event "GER-ch U25 op-B"]
[Site "Willingen"]
[Date "2024.05.21"]
[Round "4"]
[White "Menne, Lukas"]
[Black "Sniegowski, Richard"]
[Result "0-1"]
[WhiteElo "1636"]
[BlackElo "1683"]
[PlyCount "80"]
[EventDate "2024.05.19"]
[EventType "swiss"]
[EventRounds "9"]
[EventCountry "GER"]
[SourceTitle "EXT 2025"]
[Source "ChessBase"]
[SourceDate "2024.10.14"]
[SourceVersion "1"]
[SourceVersionDate "2024.10.14"]
[SourceQuality "1"]

1. d4 d5 2. Nf3 Nf6 3. Bf4 c5 4. e3 Nc6 5. c3 Qb6 6. Qc2 cxd4 7. exd4 Bf5 8. Qc1 e6 9. Be2 Be7 10. 0-0 h6 11. Nbd2 0-0 12. Ne5 Rac8 13. Nb3 a5 14. Qd2 Ne4 15. Qc1 a4 16. Nxc6 bxc6 17. Nd2 c5 18. dxc5 Bxc5 19. Nxe4 Bxe4 20. Qd2 Rc6 21. Bd1 Ra8 22. Rc1 Qb7 23. b4 axb3 24. Bxb3 Rac8 25. Be5 Qb6 26. Rfd1 f6 27. Bf4 Ba3 28. Be3 Bxc1 29. Rxc1 Qa5 30. f3 Bg6 31. Qe1 Rxc3 32. Rxc3 Qxc3 33. Bd2 Qd4+ 34. Kh1 e5 35. f4 Qe4 36. Qxe4 Bxe4 37. fxe5 fxe5 38. Kg1 Kh7 39. a4 Rb8 40. Bd1 Rb1 0-1

[Event "GER-ch U25 op-B"]
[Site "Willingen"]
[Date "2024.05.20"]
[Round "3"]
[White "Farokhi, Darian"]
[Black "Menne, Lukas"]
[Result "0-1"]
[WhiteElo "1691"]
[BlackElo "1636"]
[PlyCount "86"]
[EventDate "2024.05.19"]
[EventType "swiss"]
[EventRounds "9"]
[EventCountry "GER"]
[SourceTitle "EXT 2025"]
[Source "ChessBase"]
[SourceDate "2024.10.14"]
[SourceVersion "1"]
[SourceVersionDate "2024.10.14"]
[SourceQuality "1"]

1. e4 c5 2. Nf3 d6 3. d4 cxd4 4. Nxd4 Nf6 5. Nc3 a6 6. Be3 Nc6 7. f3 e6 8. Qd2 Qc7 9. 0-0-0 b5 10. Bxb5 axb5 11. Ndxb5 Qd8 12. Nxd6+ Bxd6 13. Qxd6 Qxd6 14. Rxd6 Bb7 15. b3 Nd7 16. Kb2 0-0-0 17. Rhd1 Nde5 18. Rxd8+ Rxd8 19. Rxd8+ Kxd8 20. Bb6+ Kd7 21. Na4 Ng6 22. Nc5+ Kc8 23. Nxb7 Kxb7 24. Be3 Nh4 25. Kc3 Nxg2 26. Bf2 Ne5 27. Bg3 Nxf3 28. Kd3 g5 29. Ke2 Nd4+ 30. Kd3 Nc6 31. a4 Nf4+ 32. Kc4 h5 33. b4 h4 34. Be1 f5 35. exf5 exf5 36. Kb5 Ng2 37. Bf2 g4 38. a5 Nb8 39. Bd4 f4 40. Be5 f3 41. Bd4 g3 42. hxg3 hxg3 43. Kc4 f2 0-1

[Event "GER-ch U25-B"]
[Site "Willingen"]
[Date "2023.05.29"]
[Round "3"]
[White "Schirmer, Sara"]
[Black "Menne, Lukas"]
[Result "1-0"]
[WhiteElo "1406"]
[BlackElo "1273"]
[PlyCount "111"]
[EventDate "2023.05.27"]
[EventType "swiss"]
[EventRounds "9"]
[EventCountry "GER"]
[SourceTitle "CBM 214 Extra"]
[Source "ChessBase"]
[SourceDate "2023.07.31"]
[SourceVersion "1"]
[SourceVersionDate "2023.07.31"]
[SourceQuality "1"]

1. e4 d5 2. exd5 Qxd5 3. Nc3 Qd6 4. Nf3 Bf5 5. d4 Nf6 6. Bc4 e6 7. Ne5 c6 8. Bg5 Be7 9. Qd2 Nd5 10. Bxe7 Qxe7 11. a3 Nd7 12. 0-0-0 N7b6 13. Bxd5 cxd5 14. g4 Bg6 15. h4 Nc4 16. Nxc4 dxc4 17. h5 Bxc2 18. Qxc2 Qg5+ 19. Kb1 Qxg4 20. Qa4+ Ke7 21. Qxc4 Rhc8 22. Qe2 Qf5+ 23. Ka1 Kf8 24. Rhe1 a6 25. Ne4 Qd5 26. Nc3 Qb3 27. Rd3 Qb6 28. d5 exd5 29. Qe7+ Kg8 30. Rde3 h6 31. Rf3 Rf8 32. Rg1 Qe6 33. Qh4 Kh8 34. Qd4 f6 35. Rfg3 Rf7 36. Qxd5 Qxd5 37. Nxd5 Rd8 38. Rd3 Re8 39. Ne3 Re5 40. Rd5 Kh7 41. Rgd1 Rfe7 42. Rxe5 Rxe5 43. Rd5 Rxd5 44. Nxd5 Kg8 45. Kb1 Kf7 46. Nf4 f5 47. Kc2 Kf6 48. Nh3 f4 49. f3 g6 50. hxg6 Kxg6 51. Nxf4+ Kg5 52. Ng2 h5 53. b4 Kf5 54. Kc3 b5 55. Kd4 Ke6 56. Kc5 1-0

[Event "GER-ch Youth-C"]
[Site "Willingen"]
[Date "2022.06.05"]
[Round "1"]
[White "Menne, Lukas"]
[Black "Reh, Krispin"]
[Result "0-1"]
[WhiteElo "1150"]
[BlackElo "1006"]
[PlyCount "84"]
[EventDate "2022.06.04"]
[EventType "swiss"]
[EventRounds "9"]
[EventCountry "GER"]
[SourceTitle "CBM 208 Extra"]
[Source "ChessBase"]
[SourceDate "2022.07.31"]
[SourceVersion "1"]
[SourceVersionDate "2022.07.31"]
[SourceQuality "1"]

1. d4 e6 2. Nf3 Nc6 3. Bf4 Bb4+ 4. c3 Ba5 5. e3 a6 6. Bd3 d6 7. 0-0 Nf6 8. Qe2 0-0 9. Nbd2 b5 10. b4 Bb6 11. Ng5 h6 12. Nh3 Re8 13. Qf3 Bb7 14. Qg3 Nh5 15. Qg4 Nxf4 16. Nxf4 Bc8 17. Qf3 Bd7 18. e4 e5 19. d5 exf4 20. dxc6 Bxc6 21. Qxf4 Re6 22. Rfe1 Rf6 23. Qg4 Bd7 24. Qe2 Rxf2 25. Qxf2 Bxf2+ 26. Kxf2 Qf6+ 27. Nf3 Qxc3 28. Ke3 Qxb4 29. Rab1 Qc5+ 30. Nd4 Re8 31. Rbc1 Qg5+ 32. Kf2 c5 33. Nf3 Qf6 34. e5 dxe5 35. Rxc5 Qb6 36. Rec1 e4 37. Bxe4 Rxe4 38. Kf1 b4 39. Ne5 Rxe5 40. Rxe5 Qf6+ 41. Kg1 Qxe5 42. Rc4 Qe1# 0-1